01713nam a22003494a 4500001001200000003000800012006001900020007001500039008004100054010001700095020003600112020003500148040002100183035002000204050002400224082001400248100003000262245010200292260005600394300002600450504006400476505032700540533015200867650004401019650003301063650003601096651004201132655002901174710001701203856012601220999001701346ebr10079962CaPaEBRm u cr cn|||||||||040907s2005 caub sb s001 0 eng  z 2004021043 z0520242149 (cloth : alk. paper) z0520244141 (pbk. : alk. paper) aCaPaEBRcCaPaEBR a(OCoLC)7072315214aDT30b.C5953 2005eb04a325.62221 aCooper, Frederick,d1947-10aColonialism in questionh[electronic resource] :btheory, knowledge, history /cFrederick Cooper. aBerkeley :bUniversity of California Press,cc2005. axii, 327 p. :b1 map. aIncludes bibliographical references (p. 243-311) and index.0 aIntroduction : colonial questions, historical trajectories -- The rise, fall, and rise of colonial studies, 1951/2001 -- Identity / with Rogers Brubaker -- Globalization -- Modernity -- States, empires, and political imagination -- Labor, politics, and the end of empire in French Africa -- Colonialism, history, politics. aElectronic reproduction.bPalo Alto, Calif. :cebrary,d2013.nAvailable via World Wide Web.nAccess may be limited to ebrary affiliated libraries. 0aDecolonizationzAfricaxHistoriography. 0aImperialismxHistoriography. 0aDecolonizationxHistoriography. 0aAfricaxColonizationxHistoriography. 7aElectronic books.2local2 aebrary, Inc.40uhttp://site.ebrary.com/lib/rucke/Doc?id=10079962zAn electronic book accessible through the World Wide Web; click to view c54103d54103